01574nam a22002177a 4500040000700000082000800007100001500015245021300030260001900243300000900262942000700271999001500278952013100293952013100424952013100555952013100686952013100817952013100948952013101079952014601210 cSK a658 aCHAN SARUN aការវិភាគលើមុខរបរ និងការប្រើប្រាស់ធនធានមនុស្សក្នុងវិស័យកសិកម្មនៅកម្ពុជា aRUAbCHAc1997 a90p. cKB c9001d9001 0010406658_000000000000000_CHA_1997_C24370950475aLBCbLBCcC243d2016-08-23o658 CHA 1997 C243pRUA062221r2016-08-23yKB 0010406658_000000000000000_CHA_1997_C24370950476aLBCbLBCcC243d2016-08-23o658 CHA 1997 C243pRUA047731r2016-08-23yKB 0010406658_000000000000000_CHA_1997_C24370950478aLBCbLBCcC243d2016-08-23o658 CHA 1997 C243pRUA047562r2016-08-23yKB 0010406658_000000000000000_CHA_1997_C24370950479aLBCbLBCcC243d2016-08-23o658 CHA 1997 C243pRUA047671r2016-08-23yKB 0010406658_000000000000000_RUA_1997_C25170951384aLBCbLBCcC251d2016-09-01o658 RUA 1997 C251pRUA045273r2016-09-01yKB 0010406658_000000000000000_RUA_1997_C18970951834aLBCbLBCcC189d2016-09-07o658 RUA 1997 C189pRUA047735r2016-09-07yKB 0010406658_000000000000000_RUA_1997_C24870952148aLBCbLBCcC248d2016-09-15o658 RUA 1997 C248pRUA047038r2016-09-15yKB 0010406658_000000000000000_RUA_1997_C24970952202aLBCbLBCcC249d2016-09-15l1o658 RUA 1997 C249pRUA046972r2017-10-16s2017-10-07yKB